| 000 | 00612nam a2200205Ii 4500 | ||
|---|---|---|---|
| 001 | 12792 | ||
| 003 | CO-ViMGA | ||
| 008 | 241108s9999||||xx |||||||||||||| ||und|| | ||
| 040 |
_aCO-ViMGA _bspa _erda _cCO-ViMGA |
||
| 041 | 0 | _aspa | |
| 082 | 0 | 4 | _a398.638 C671ll |
| 100 | 1 |
_aAlvaro Coronel Mancipe _944578 |
|
| 245 | 1 | 0 |
_aEn el Llano Adentro: _bGuía para la cátedra Orinoquia |
| 264 | 1 | _aBogotá, Colombia : G.M., 1999 | |
| 300 | _avolumen | ||
| 336 |
_atext _btxt _2rdacontent |
||
| 337 |
_aunmediated _bn _2rdamedia |
||
| 338 |
_avolume _bnc _2rdacarrier |
||
| 940 | _aidficha_siabuc: 12500. -- ficha_no_siabuc:12792 | ||
| 999 |
_c39043 _d39043 |
||